Countries Closest to Vietnam (with a map) - Statistics

General Stats
  • This quiz has been taken 2,983 times
  • The average score is 17 of 20
Answers on the Map
Answers color-coded by a green-red scale on the quiz's map according to % correct below.
 
Answer Stats
country % Correct
China
98%
Laos
94%
Cambodia
92%
Thailand
92%
India
90%
Indonesia
90%
Japan
87%
Malaysia
87%
Myanmar
87%
Philippines
86%
South Korea
82%
Nepal
81%
Taiwan
81%
North Korea
79%
Bangladesh
78%
Bhutan
76%
Mongolia
74%
Sri Lanka
70%
Singapore
65%
Brunei
64%
No matching quizzes found
Score Distribution
Percent of People with Each Score
Percentile by Number Answered
Your Score History
You have not taken this quiz